00000000nem##2200000za#4500
0019.549445
003CaOODSP
00520200326235242
007aj |a|||
008150406|2010||||xxc||||   a##f  |   fre|d
020 |a978-0-660-64646-6
022 |a1915-884X
040 |aCaOODSP|bfre
041 |aeng
041 |afre
043 |an-cn---
0861 |aM116-2/025N01
1101 |aCanada.|bRessources naturelles Canada. |bCentre d'information topographique.
24510|aEggleston Bay, Nunavut |h[document cartographique]
250 |aÉd. 02, version 00
255 |aÉchelle 1:50,000
260 |aOttawa - Ontario : |bRessources naturelles Canada. |c2010.
300 |a1 feuille. : |bcarte en couleur ; |c71 cm.
4901 |aCartes topographiques du Canada |x1915-884X|v25-N/1
500 |aSérie A713. Comprend une légende.
590 |a10-20|b2010-05-21
7760#|tEggleston Bay, Nunavut |w(CaOODSP)9.584093
791 |tEggleston Bay, Nunavut |eeng|w(CaOODSP)9.549444
830#0|aCartes topographiques du Canada,|x1915-884X|v25-N/1|w(CaOODSP)9.511451